| Tag |
First Indicator |
Second Indicator |
Subfields |
| LEADER |
00000cam a2200000 a 4500 |
| 001 |
in00000087544 |
| 005 |
20151008064837.0 |
| 008 |
810721s1980 cr b b 00010 spa |
| 010 |
|
|
|a 81113056
|
| 035 |
|
|
|a (OCoLC)07672581
|
| 035 |
|
|
|9 AAK4899AM
|
| 039 |
0 |
|
|a 2
|b 3
|c 3
|d 3
|e 3
|
| 040 |
|
|
|a DLC
|c DLC
|d TXA
|d UtOrBLW
|
| 043 |
|
|
|a nccr---
|
| 049 |
|
|
|a TXAM
|c [1196486]
|
| 050 |
0 |
0 |
|a HD1333.C8
|b B37
|
| 082 |
0 |
|
|a 333.3/1/7286
|2 19
|
| 100 |
1 |
|
|a Barahona Riera, Francisco.
|
| 245 |
1 |
0 |
|a Reforma agraria y poder politico /
|c Francisco Barahona Riera.
|
| 250 |
|
|
|a 1a ed.
|
| 264 |
|
1 |
|a San Jose, Costa Rica :
|b Editorial Universidad de Costa Rica,
|c 1980.
|
| 300 |
|
|
|a 472 pages :
|b maps ;
|c 20 cm.
|
| 336 |
|
|
|a text
|b txt
|2 rdacontent
|
| 337 |
|
|
|a unmediated
|b n
|2 rdamedia
|
| 338 |
|
|
|a volume
|b nc
|2 rdacarrier
|
| 504 |
|
|
|a Bibliography: pages 457-469.
|
| 650 |
|
0 |
|a Land reform
|z Costa Rica.
|
| 650 |
|
0 |
|a Agriculture and state
|z Costa Rica.
|
| 650 |
|
0 |
|a Agriculture
|x Economic aspects
|z Costa Rica.
|
| 999 |
|
|
|a MARS
|
| 999 |
f |
f |
|s eaf034bd-8bce-33ac-a3f2-0c1ce3e84167
|i 9c9fcd99-0840-3738-ad64-d60f8d9300d5
|t 0
|
| 952 |
f |
f |
|p ric
|a Texas A&M University
|b Rellis Campus
|c Joint Library Facility
|d Remote Storage
|t 0
|e HD1333.C8 B37
|h Library of Congress classification
|i unmediated -- volume
|m A14806125685
|
| 998 |
f |
f |
|a HD1333.C8 B37
|t 0
|l Remote Storage
|